Deutschland: Geografie mit G - Statistiken

Allgemein
  • Dieses Quiz wurde 521 mal gespielt
  • Das Durchschnittsergebnis liegt bei 10 aus 14
Antwortstatistiken
Hinweis Antwort % Korrekt
Deutschland ist weltweit der viertgrößte Produzent dieses zum Bierbrauen benötigten Getreides Gerste
95%
Ruhrgebietsstadt, die überregional insbesondere für den Fußballclub Schalke 04 bekannt ist Gelsenkirchen
91%
Obwohl diese bayerische Doppelstadt über 27.000 Einwohner hat, verfügt sie nicht über das Stadtrecht {Garmisch}-Partenkirchen
89%
Fluss in Thüringen, der durch Erfurt, jedoch nicht durch die gleichnamige Stadt fließt Gera
86%
Dieses "ewige Eis" in den deutschen Alpen (z. B. der Schneeferner) schmilzt wie überall rasant Gletscher
86%
An der Lahn gelegene Universitätsstadt in Hessen Gießen
80%
Von diesen großflächigen Sportanlagen gibt es in Deutschland über 700, beispielsweise in Falkenstein bei Hamburg {Golf}plätze
75%
Östlichste Stadt Deutschlands, die an der Neiße gegenüber der polnischen Stadt Zgorzelec liegt Görlitz
71%
Universitätsstadt in Mecklenburg-Vorpommern, die an dem nach ihr benannten Bodden liegt Greifswald
67%
Stadt in Ostwestfalen, die 2018 die 100.000-Einwohner-Marke überschritten hat und in der der Bertelsmann-Konzern seinen Sitz hat Gütersloh
54%
Platz in Berlin-Mitte, an dem das Schauspielhaus sowie der Deutsche und der Französische Dom stehen {Gendarmen}markt
51%
Gemeinde im niedersächsischen Wendland, die durch ein Atommülllager bekannt wurde Gorleben
42%
Münchener Stadtteil, in dem Franz Beckenbauer geboren wurde und in dem sowohl Bayern München als auch 1860 München ansässig sind Giesing
38%
Seitenstraße der Hamburger Reeperbahn, in der die Beatles ihre allerersten Auftritte hatten (zwei Wörter) Große Freiheit
28%
Keine übereinstimmenden Quizze gefunden
Verteilung der Resultate
Anzahl Personen mit jedem Resultat
Perzentil nach korrekt beantworteten Fragen
Ihre Resultats-Entwicklung
Sie haben dieses Quiz noch nicht gespielt